Biggest Cities Starting with X - Statistics

General Stats
  • This quiz has been taken 9,567 times
    4,921 since last reset
  • The average score is 3 of 9
Answer Stats
Country Province Population City % Correct
China Shaanxi 12.8 mil Xi'an
98%
China Fujian 14.9 mil Xiamen
79%
China Jiangsu 3.08 mil Xuzhou
24%
China Qinghai 2.18 mil Xining
17%
China Henan 2.60 mil Xinxiang
13%
China Hubei 1.77 mil Xiangyang
12%
China!!! Henan 1.18 mil Xinyang
11%
China! Hebei 1.64 mil Xingtai
9%
China!! Henan 1.36 mil Xuchang
9%
No matching quizzes found
Score Distribution
Percent of People with Each Score
Percentile by Number Answered
Your Score History
You have not taken this quiz since the last reset